[Event "Lippe Cup 02nd"]
[Site "Lieme"]
[Date "2005.10.09"]
[Round "5"]
[White "Wellnitz, David Bastian"]
[Black "Eichenhofer, Karsten"]
[Result "0-1"]
[WhiteElo "1123"]
[BlackElo "1458"]
[PlyCount "68"]
[EventDate "2005.10.07"]
[EventType "swiss"]
[EventRounds "5"]
[EventCountry "GER"]
[SourceTitle "EXT 2012"]
[Source "ChessBase"]
[SourceDate "2011.11.24"]
[SourceVersion "1"]
[SourceVersionDate "2011.11.24"]
[SourceQuality "1"]

1. c4 c5 2. Nc3 Nc6 3. d3 d6 4. Nf3 Nf6 5. g3 g6 6. Bg2 Bg7 7. e4 e5 8. Bg5 h6 9. Bxf6 Bxf6 10. Nd5 Bg7 11. Qd2 Be6 12. 0-0 0-0 13. Rad1 Qd7 14. Rfe1 Rac8 15. Re2 Bg4 16. Qxh6 Bxh6 17. Nf6+ Kg7 18. Nxd7 Bxd7 19. Rde1 Bg4 20. h3 Bxf3 21. Bxf3 Nd4 22. Bg4 Nxe2+ 23. Rxe2 Rb8 24. h4 Kh8 25. Bh3 f5 26. exf5 gxf5 27. f4 Bg7 28. b4 cxb4 29. Rb2 a5 30. Rd2 b5 31. Bg2 a4 32. cxb5 Rxb5 33. Rb2 exf4 34. gxf4 Bxb2 0-1